000
00315nam a22001337a 4500
008
170310b xxu||||| |||| 00| 0 eng d
020
_a
9781455779918
041
_a
eng
080
_a
611
100
_a
7
101
_a
SHM
245
_a
RHEUMATIC DISEASE CLINICS OF NORTH AMERICA
_c
SILVERMAN .S.L
942
_2
udc
_c
BK
999
_c
7422
_d
7422